| 000 | 00670cam a2200253 4500 | ||
|---|---|---|---|
| 001 | B891 | ||
| 008 | 090401t1946 xxu||||| |||| 00| 0 eng d | ||
| 035 | _a(Sirsi) u38563 | ||
| 041 | _aeng | ||
| 050 | _a526.902462 | ||
| 100 | _aClark, David | ||
| 245 | _aPlane and geodetic surveying for engineers ... Volume one: plane surveying | ||
| 250 | _a4th ed. | ||
| 260 |
_aLondon _bConstable _c1946 |
||
| 300 | _axviii,636p. : ill. ; 22cm. | ||
| 350 | _a0 | ||
| 520 | _ashelf 114 | ||
| 650 | _aHYDROGRAPHIC SURVEYING | ||
| 650 | _aLAND SURVEYING | ||
| 650 | _aSURVEYING INSTRUMENTS | ||
| 700 |
_aClendinning, James _xEditor |
||
| 942 | _n0 | ||
| 948 | _c04/03/1997 | ||
| 999 |
_c90661 _d90661 |
||